| 000 | 00462nam a22001697a 4500 | ||
|---|---|---|---|
| 005 | 20180205170648.0 | ||
| 008 | 160429b xxu||||| |||| 00| 0 eng d | ||
| 020 | _a978-007-126782-3 | ||
| 041 | _aeng | ||
| 082 |
_b00760 _a005.1 |
||
| 100 |
_aPressman, Roger S. _9187 |
||
| 245 | _aSoftware Engineering: A Practitioners Approach | ||
| 260 |
_aNew York _bMC Graw Hill International, _c2010 |
||
| 300 | _a895 | ||
| 650 |
_aInformation Technology _9137 |
||
| 942 | _cBK | ||
| 999 |
_c237 _d237 |
||